Nirvana songs - Statistics

General Stats
  • This quiz has been taken 223 times
  • The average score is 9 of 13
Answer Stats
Hint Answer % Correct
as you were, as I want you to be come as you are
99%
load up on guns, bring your friends smells like teen spirit
97%
i'm so ugly that's ok because so are you lithium
89%
hey wait I have a new complaint heart shaped box
88%
I have very bad posture sitting, here drinking pennyroyal tea pennyroyal tea
87%
maybe just happy, I think i'm just happy, think i'm just happy dumb
80%
I don't mind I don't mind I don't mind cause I don't have a mind breed
72%
weather changes moods in bloom
72%
it is now my duty to completely drain you
69%
if you cut yourself you will think your happy sappy
59%
truth covered in security, I can let you smother me lounge act
48%
nothing on top but a bucket and a mop and an illustrated book about birds plateau
43%
I am my own parasite I don't need a host to live milk it
34%
No matching quizzes found
Score Distribution
Percent of People with Each Score
Percentile by Number Answered
Your Score History
You have not taken this quiz